=LDR 00000nam 2200000 4500 =001 INLIS000000000024331 =005 20130612122926 =008 ***********************************Ind** =035 ##$$0010-061300000024331 =041 ##$$a Ind =082 ##$$a 658.5 =090 ##$$a 658.5, cha p =100 ##$$a Chang, Peter =245 ##$$a Pengendalian mutu terpadu untuk industri tekstil dan konfeksi dengan cara baru, sederhana dan praktis, Peter Chnag =260 ##$$a 2003 $b Jakarta =300 ##$$a 489 hlm, ilus, 23 cm =650 ##$$a Produksi pengawasan =850 ##$$a NBPNMAT